Agents of SHIELD Episode Titles - Statistics

General Stats
  • This quiz has been taken 278 times
    223 since last reset
  • The average score is 46 of 136
Answer Stats
Season Episode Title % Correct
Season 1 1 Pilot
93%
2 0-8-4
84%
22 The End
75%
14 Tahiti
72%
6 FZZT
70%
5 Girl in the Flower Dress
64%
13 Tracks
64%
4 Eye Spy
59%
16 Afterlife
58%
22 Beginning of the End
58%
3 The Asset
58%
Season 4 1 The Ghost
58%
7 The Hub
58%
8 The Well
58%
16 End of the Beginning
57%
17 Turn Turn Turn
55%
Season 5 1 Orientation: Part 1
54%
2 Orientation: Part 2
54%
13 What We're Fighting For
54%
21 SOS Part 1
52%
22 SOS Part 2
52%
21 Absolution
51%
17 Melinda
51%
22 Ascension
48%
10 Maveth
48%
18 Providence
48%
15 Spacetime
48%
15 Yes Men
46%
9 As I Have Always Been
45%
11 Aftershocks
43%
16 What If...
43%
5 A Hen in the Wolf House
42%
4 A Life Earned
42%
11 The Magical Place
42%
14 Watchdogs
42%
3 A Life Spent
41%
9 Repairs
41%
12 Seeds
41%
14 The Devil Complex
41%
10 What They Become
41%
5 4722 Hours
39%
3 A Wanted (Inhu)man
39%
13 Parting Shot
39%
Season 2 1 Shadows
39%
19 All the Madame's Men
38%
21 Ragtag
38%
15 Self Control
38%
10 The Bridge
38%
19 The Only Light in the Darkness
38%
5 A Trout in the Milk
36%
20 Emancipation
36%
17 The Team
36%
8 Collision Course (Part I)
35%
9 Collision Course (Part II)
35%
20 Farewell, Cruel World!
35%
2 Know Your Onions
35%
3 Making Friends and Influencing People
35%
20 Nothing Personal
35%
2 Heavy is the Head
33%
6 Inescapable
33%
14 Love in the Time of Hydra
33%
5 Rewind
33%
21 The Return
33%
7 The Writing on the Wall
33%
22 Worlds End
33%
9 Closure
32%
Season 7 1 The New Deal
32%
9 Ye Who Enter Here
32%
18 Frenemy of My Enemy
30%
12 Hot Potato Soup
30%
12 The Real Deal
30%
18 The Singularity
30%
7 The Totally Excellent Adventures of Mack and the D
30%
13 BOOM
29%
7 Deals with our Devils
29%
Season 3 1 Laws of Nature
29%
19 The Dirty Half Dozen
29%
12 The End is at Hand
29%
12 Who You Really Are
29%
3 Alien Commies from the Future!
28%
11 All the Comforts of Home
28%
4 Face My Enemy
28%
4 Code Yellow
26%
6 Fun & Games
26%
2 Meet the New Boss
25%
20 Scars
25%
6 The Good Samaritan
25%
8 The Last Day
25%
18 No Regrets
23%
15 One Door Closes
23%
13 One of Us
23%
16 Paradise Lost
23%
13 Principia
23%
17 The Honeymoon
23%
12 The Inside Man
23%
8 The Things We Bury
23%
7 Toldja
23%
8 After, Before
22%
6 Among Us Hide...
22%
11 Bouncing Back
22%
19 Failed Experiments
22%
3 Fear and Loathing on the Planet Kitson
22%
4 Let Me Stand Next to Your Fire
22%
6 A Fractured House
20%
7 Chaos Theory
20%
17 Identity and Change
20%
10 The Patriot
20%
18 All Roads Lead...
19%
4 Devils You Know
19%
8 Many Heads, One Tale
19%
Season 6 1 Missing Pieces
19%
13 New Life
19%
2 Purpose in the Machine
19%
15 Rise and Shine
19%
21 The Force of Gravity
19%
20 The One Who Will Save Us All
19%
7 Together or Not At All
19%
11 From the Ashes
17%
Season 4 3 Uprising
17%
11 Wake Up
17%
11 Brand New Day
16%
16 Inside Voices
16%
10 Past Life
16%
8 The Laws of Inferno Dynamics
16%
10 Leap
14%
5 Lockup
14%
4 Out of the Past
14%
12 The Sign
14%
6 Adapt or Die
13%
9 Best Laid Plans
13%
9 Broken Promises
13%
19 Option Two
13%
14 The Man Behind the Shield
13%
10 Stolen
12%
5 The Other Thing
12%
2 Window of Opportunity
12%
No matching quizzes found
Score Distribution
Percent of People with Each Score
Percentile by Number Answered
Your Score History
You have not taken this quiz since the last reset